Les 16 Joueurs ayant le plus de MVP sur Counter Strike - Statistiques

Statistiques générales
  • Ce quiz a été pris 179 fois
    2 depuis la dernière actualisation
  • Le résultat moyen est 10 sur 16
Statistiques - réponses
Nombre total
de MVP's
Sur des gros
évènements
Joueur % Correct
11 7 donk
100%
10 3 kennyS
100%
21 14 S1mple
100%
32 25 ZywOo
100%
8 6 coldzera
50%
19 11 device
50%
8 3 f0rest
50%
10 2 GeT_RiGhT
50%
5 0 KRIMZ
50%
6 6 m0NESY
50%
5 1 NAF
50%
10 9 NiKo
50%
6 5 olofmeister
50%
6 4 ropz
50%
7 3 Snax
50%
8 1 GuardiaN
0%
Aucun quiz correspondant
Distribution des résultats
% des personnes avec chaque résultat
Percentile par nombre de réponses
Votre historique - résultats
Vous n’avez pas pris ce quiz depuis la dernière actualisation